To extend the deadline under the Federal Power Act for FERC project no. 9401, the Mt. Hope Waterpower Project : report (to accompany H.R. 459) (including cost estimate of the Congressional Budget Office).

Bibliographic Details
Corporate Author: United States. Congress. House. Committee on Commerce
Format: Government Document eBook
Language:English
Published: [Washington, D.C.] : [U.S. G.P.O.], [1999]
Series:Report / 106th Congress, 1st session, House of Representatives ; 106-119
Subjects:
Online Access:Text version:
PDF version:

MARC

Tag First Indicator Second Indicator Subfields
LEADER 00000cam a2200000 a 4500
001 in00002782519
005 20151202172042.0
006 m d f
007 cr bn|||||||||
008 120211s1999 dcu o f000 0 eng c
019 |a 762148167 
035 |a (OCoLC)ocn775992596 
040 |a OCLCE  |b eng  |c OCLCE  |d GPO  |d MvI  |d UtOrBLW 
042 |a pcc 
043 |a n-us-nj 
049 |a WWW 
074 |a 1008-I (online) 
086 0 |a Y 1.1/8:106-119 
110 1 |a United States.  |b Congress.  |b House.  |b Committee on Commerce. 
245 1 0 |a To extend the deadline under the Federal Power Act for FERC project no. 9401, the Mt. Hope Waterpower Project :  |b report (to accompany H.R. 459) (including cost estimate of the Congressional Budget Office). 
264 1 |a [Washington, D.C.] :  |b [U.S. G.P.O.],  |c [1999] 
300 |a 1 online resource (6 pages). 
336 |a text  |b txt  |2 rdacontent 
337 |a computer  |b c  |2 rdamedia 
338 |a online resource  |b cr  |2 rdacarrier 
490 1 |a Report / 106th Congress, 1st session, House of Representatives ;  |v 106-119 
500 |a Title from title screen (viewed on Oct. 31, 2012). 
500 |a "April 28, 1999." 
500 |a Electronic resource. 
650 0 |a Hydroelectric power plants  |x Law and legislation  |z New Jersey. 
650 0 |a Hydroelectric power plants  |x Licenses  |z New Jersey. 
776 0 8 |i Print version:  |a United States. Congress. House. Committee on Commerce.  |t To extend the deadline under the Federal Power Act for FERC project no. 9401, the Mt. Hope Waterpower Project  |w (OCoLC)41492702 
810 1 |a United States.  |b Congress.  |b House.  |t Report ;  |v 106-119. 
856 4 0 |3 Text version:  |u http://purl.fdlp.gov/GPO/gpo30628  |t 0 
856 4 0 |3 PDF version:  |u http://purl.fdlp.gov/GPO/gpo30630  |t 0 
999 |a MARS 
999 f f |s 8e9b70a8-ed55-3c20-9036-10fc0d401c16  |i 00683cc7-ac4a-3c6c-8076-5eb64d061c18  |t 0 
952 f f |a Texas A&M University  |b College Station  |c Electronic Resources  |d Available Online  |t 0  |e Y 1.1/8:106-119  |h Superintendent of Documents classification 
998 f f |a Y 1.1/8:106-119  |t 0  |l Available Online